000 00323nam a2200133Ia 4500
005 20260328101453.0
008 260328s9999||||xx |||||||||||||| ||und||
100 _aMoreau, Fabrice
245 0 _aParis Sketchbook /
_cFabrice Moreau
260 _bSt. Martin's Press
300 _a95 p.
650 _aDIBUJO LIBRE
942 _cBK
999 _c8738
_d8738